000 00765cam a2200277 4500
001 J3716
008 090401t1996 xxu||||| |||| 00| 0 eng d
035 _a(Sirsi) u56649
041 _aeng
050 _a333.33
110 _aHM Land Registry
_91247
245 _aResidential property price report 1995 annual review.
260 _aLondon
_bHM Land Registry
_c1996
300 _a(8)p. ; 30cm.
350 _a0
520 _aIncludes statistics giving numbers of sales.
650 _aHOUSE PRICES
650 _aHOUSE SALES
650 _aHOUSING MARKET
650 _aPRICES
650 _aRESIDENTIAL PROPERTY
_96266
650 _aSTATISTICS
690 _aPROPERTY-RESIDENTIAL PROPERTY-RESIDENTIAL PROPERTY MARKET
942 _n0
948 _c04/03/1997
999 _c93819
_d93819